000 00638nam a2200193Ia 4500
001 120071
003 209699
005 20241127062552.0
008 ||||||n9999 ||| || ||
100 _aRodríguez Cetina, Andrea
_9142607
245 0 _aEl problema del hambre y su desatención en el marco de las políticas alimentaria adosptadas en bogotá
562 _e1
650 _aESPECIALIZACIÓN EN GESTIÓN PÚBLICA--TESIS Y DISERTACIONES ACADÉMICAS
_911969
650 _aHAMBRE
_92615
650 0 _aNormatividad
_925298
650 _aPOLÍTICA ALIMENTARIA
_9144359
650 0 _aProblemas sociales
_92243
942 _cTESIS
999 _c120071
_d120071